Cartoon Voices Quiz Stats

 Plays Quiz Updated Nov 13, 2018

Support Sporcle.
Go Orange.
Score 0/30 Timer 08:00
2 Plays Today
Character Voice Actor % Correct
ShrekMike Myers
82.4%
Buzz LightyearTim Allen
77.3%
GenieRobin Williams
76.9%
DoryEllen DeGeneres
69.5%
PoJack Black
68.5%
Lightning McQueenOwen Wilson
57.5%
'Sulley' SullivanJohn Goodman
56%
OscarWill Smith
55.1%
King MufasaJames Earl Jones
54.7%
Alex the LionBen Stiller
51.5%
ManfredRay Romano
48.1%
BoltJohn Travolta
47.5%
Horton the ElephantJim Carrey
46.2%
Peter GriffinSeth MacFarlane
44.7%
Osmosis JonesChris Rock
41.6%
Character Voice Actor % Correct
Eric CartmanTrey Parker
36.4%
RJ the RaccoonBruce Willis
28%
BeavisMike Judge
24.8%
TerkRosie O'Donnell
24.1%
Bob 'Mr. Incredible' ParrCraig T. Nelson
23.6%
Howard GenericHowie Mandel
22%
EsmeraldaDemi Moore
19.7%
Chicken LittleZach Braff
19.6%
Jessica RabbitKathleen Turner
19.1%
Turanga LeelaKatey Sagal
18.6%
HopperKevin Spacey
18.2%
Homer SimpsonDan Castellaneta
16.9%
Barney RubbleMel Blanc
14%
Inspector GadgetDon Adams
12%
'Peggy' HillKathy Najimy
11.4%

From the Vault

7-Letter Geography Challenge

by Headers2304

Geography 10m
Each of these places is seventh heaven.
Remove Ads.
Support Sporcle.
Get the best of Sporcle when you Go Orange. This ad-free experience offers more features, more stats, and more fun while also helping to support Sporcle. Thank you for becoming a member.

Show Comments

Extras

Top Quizzes Today


Score Distribution

Your Account Isn't Verified!

In order to create a playlist on Sporcle, you need to verify the email address you used during registration. Go to your Sporcle Settings to finish the process.

Report this User

Report this user for behavior that violates our Community Guidelines.

Details: